DISCRETE MATHEMATICS (Record no. 5581)

MARC details
000 -LEADER
fixed length control field 00367nam a22001577a 4500
005 - DATE AND TIME OF LATEST TRANSACTION
control field 20170916123644.0
008 - FIXED-LENGTH DATA ELEMENTS--GENERAL INFORMATION
fixed length control field 170916b xxu||||| |||| 00| 0 eng d
020 ## - INTERNATIONAL STANDARD BOOK NUMBER
ISBN 978-81-8283-724-9
041 ## - LANGUAGE CODE
Language code of text/sound track or separate title eng
082 ## - DEWEY DECIMAL CLASSIFICATION NUMBER
Classification number 511.1
100 ## - MAIN ENTRY--AUTHOR NAME
Personal name GUPTA, M.K.
245 ## - TITLE STATEMENT
Title DISCRETE MATHEMATICS
260 ## - PUBLICATION, DISTRIBUTION, ETC. (IMPRINT)
Place of publication MEERUT
Name of publisher KRISHNA PRAKASHAN
300 ## - PHYSICAL DESCRIPTION
Number of Pages 580p.
942 ## - ADDED ENTRY ELEMENTS (KOHA)
Koha item type Books
Holdings
Lost status Damaged status Home library Current library Shelving location Date acquired Source of acquisition Cost, normal purchase price Full call number Accession Number Koha item type
    JRU Library   Shelf - 9 - L 16/09/2017 PURCHESS 340.00 511.1 21971 Books
    JRU Library   Shelf - 9 - L 16/09/2017 PURCHESS 340.00 511.1 21972 Books